| 000 | 00432 a2200145 4500 | ||
|---|---|---|---|
| 020 | _a9695190227 | ||
| 035 | _a297.8010 | ||
| 090 |
_c5924 _d5924 |
||
| 100 | _aNasar, S. H. ; K. O' Brien | ||
| 245 |
_aIn Quest of The Sacred _bThe Modern World in the Light of Tradition _cS. H. Nasar and K. O' Brien |
||
| 260 |
_aLahore _bSuhail Academy Lahore Pakistan _c2001 |
||
| 300 | _a220 | ||
| 500 | _aHardcover | ||
| 942 |
_aNBS _cBK _k297.8010 |
||
| 999 |
_c348317 _d348317 |
||